Salón Tolimense de fotografía : (Registro nro. 4056)
[ vista simple ]
| 000 -LEADER | |
|---|---|
| fixed length control field | 00653nam a2200181Ia 4500 |
| 003 - CONTROL NUMBER IDENTIFIER | |
| control field | OSt |
| 005 - DATE AND TIME OF LATEST TRANSACTION | |
| control field | 20200916104914.0 |
| 008 - FIXED-LENGTH DATA ELEMENTS--GENERAL INFORMATION | |
| fixed length control field | 191128s2011 ck ao gr 000 0 spa d |
| 040 ## - CATALOGING SOURCE | |
| Original cataloging agency | CO-JMCR |
| Transcribing agency | CO-JMCR |
| 041 0# - LANGUAGE CODE | |
| Language code of text/sound track or separate title | spa |
| 082 04 - DEWEY DECIMAL CLASSIFICATION NUMBER | |
| Classification number | 778 / |
| Item number | S175s |
| Edition number | 23 |
| 245 00 - TITLE STATEMENT | |
| Title | Salón Tolimense de fotografía : |
| Statement of responsibility, etc. | 21 años de historia / |
| 260 ## - PUBLICATION, DISTRIBUTION, ETC. | |
| Place of publication, distribution, etc. | Tolima : |
| Name of publisher, distributor, etc. | Gobernación del Tolima : Museo de Arte del Tolima : Red Nacional de Museos, |
| Date of publication, distribution, etc. | [2011] |
| 300 ## - PHYSICAL DESCRIPTION | |
| Extent | [58] páginas sin numerar : |
| Other physical details | fotografías a blanco y negro ; |
| Dimensions | 22 cm. |
| 650 14 - SUBJECT ADDED ENTRY--TOPICAL TERM | |
| Topical term or geographic name entry element | Fotografía colombiana |
| 9 (RLIN) | 10263 |
| 650 14 - SUBJECT ADDED ENTRY--TOPICAL TERM | |
| Topical term or geographic name entry element | Fotografía |
| General subdivision | colecciones |
| Chronological subdivision | Siglo XX |
| Geographic subdivision | Colombia |
| 9 (RLIN) | 10264 |
| 942 ## - ADDED ENTRY ELEMENTS (KOHA) | |
| Source of classification or shelving scheme | Dewey Decimal Classification |
| Koha item type | Books |
| Withdrawn status | Lost status | Source of classification or shelving scheme | Damaged status | Not for loan | Collection code | Home library | Current library | Date acquired | Source of acquisition | Total Checkouts | Full call number | Barcode | Date last seen | Date last checked out | Copy number | Koha item type |
|---|---|---|---|---|---|---|---|---|---|---|---|---|---|---|---|---|
| Dewey Decimal Classification | Non-fiction | Biblioteca Pública José María del Castillo y Rada | Biblioteca Pública José María del Castillo y Rada | 08/24/2018 | Donación | 2 | 778 / S175s | 201808853 | 04/28/2025 | 04/25/2025 | Ej.1 | Books |